Structural steel design (Record no. 103704)

MARC details
000 -LEADER
fixed length control field 01094cam a2200277 4500
001 - CONTROL NUMBER
control field L127080
008 - FIXED-LENGTH DATA ELEMENTS--GENERAL INFORMATION
fixed length control field 040817n2003 000 0 eng u
020 ## - INTERNATIONAL STANDARD BOOK NUMBER
International Standard Book Number 0131286080
035 ## - SYSTEM CONTROL NUMBER
System control number (Sirsi) u127080
041 ## - LANGUAGE CODE
Language code of text/sound track or separate title eng
050 ## - LIBRARY OF CONGRESS CALL NUMBER
Classification number 693.71
-- 18
100 ## - MAIN ENTRY--PERSONAL NAME
Personal name McCormac, Jack C.
245 ## - TITLE STATEMENT
Title Structural steel design
Remainder of title LRFD method
250 ## - EDITION STATEMENT
Edition statement 3rd ed., International ed.
260 ## - PUBLICATION, DISTRIBUTION, ETC.
Place of publication, distribution, etc. Upper Saddle River, NJ
Name of publisher, distributor, etc. Pearson Prentice Hall
Date of publication, distribution, etc. 2003
300 ## - PHYSICAL DESCRIPTION
Extent xii, 713p.
Other physical details ill.
Dimensions 24cm.
350 ## - PRICE (NR) (BK AM CF MU VM SE) [OBSOLETE]
Price 67.80
520 ## - SUMMARY, ETC.
Summary, etc. Provides an introduction to structural steel design primarily intended for undergraduates in civil engineering, building science, architectural engineering or architecture. Updated to conform to the 1999 Load and Resistance Factor (LRFD) Design Specification and the 2002 edition of the LRFD Manual of Steel Construction.
650 ## - SUBJECT ADDED ENTRY--TOPICAL TERM
Topical term or geographic name entry element STRUCTURAL STEELWORK
650 ## - SUBJECT ADDED ENTRY--TOPICAL TERM
Topical term or geographic name entry element STEEL STRUCTURES
650 ## - SUBJECT ADDED ENTRY--TOPICAL TERM
Topical term or geographic name entry element STEEL BEAMS
650 ## - SUBJECT ADDED ENTRY--TOPICAL TERM
Topical term or geographic name entry element LOAD AND RESISTANCE FACTOR DESIGN METHOD
690 ## - LOCAL SUBJECT ADDED ENTRY--TOPICAL TERM (OCLC, RLIN)
Topical term or geographic name as entry element BUILT ENVIRONMENT-CONSTRUCTION DESIGN
700 ## - ADDED ENTRY--PERSONAL NAME
Personal name Nelson, James K.
942 ## - ADDED ENTRY ELEMENTS (KOHA)
Suppress in OPAC 0
Holdings
Withdrawn status Lost status Source of classification or shelving scheme Damaged status Not for loan Home library Current library Shelving location Date acquired Cost, normal purchase price Total Checkouts Full call number Barcode Date last seen Date last checked out Copy number Cost, replacement price Price effective from Koha item type
    Dewey Decimal Classification     London London Books 17/03/2005 57.63 5 693.71 MCC 30069837 06/08/2019 02/12/2008 1 57.63 06/08/2019 Book